Le bellezze dell'Orlando furioso... Episodi e stanze in acconcio alla gioventù studiosa. 4. ed.

Gespeichert in:
Bibliographische Detailangaben
1. Verfasser: Ariosto, Lodovico.
Format: Buch
Sprache:Italienisch
Erschienen: Torino Tipografia Salesiana 1877
Katalog:EDISCO:  Suchergebnis im Bibliothekskatalog
Schulbuchspezifische Eigenschaften:
Tags: Tag hinzufügen
Keine Tags, Fügen Sie den ersten Tag hinzu!
Hinzugefügt zu:30.04.2016
Geändert in:18.10.2017

MARC

LEADER 00000aam a22000007 4500
001 05667
003 OSt
005 20171018094659.0
008 160501s1877 it 000 0 ita
040 |c Gianfranco Bandini - Firenze - CLIO 
041 1 |a ita 
100 1 |a Ariosto, Lodovico. 
245 0 0 |a Le bellezze dell'Orlando furioso... Episodi e stanze in acconcio alla gioventù studiosa. 4. ed. 
260 |a Torino  |b Tipografia Salesiana  |c 1877 
300 |a 232, 1/x ;  
901 |a 7 
942 |2 ddc  |c BK 
546 |a ita 
999 |c 5656  |d 5656 
999 |c edisco:5656  |d 5656